书目信息 |
| 题名: |
婚姻家庭案件疑难问题裁判精要
|
|
| 作者: | 安凤德 主编 | |
| 分册: | ||
| 出版信息: | 北京 法律出版社 2021.07 |
|
| 页数: | 301页 | |
| 开本: | 24cm | |
| 丛书名: | 民商事审判疑难问题裁判精要系列 | |
| 单 册: | ||
| 中图分类: | D923.95 | |
| 科图分类: | ||
| 主题词: | 法律--中国 | |
| 电子资源: | ||
| ISBN: | 978-7-5197-4961-3 | |
| 000 | 00696nam0 2200217 45 | |
| 001 | 2154918728 | |
| 005 | 20211230151801.68 | |
| 010 | @a978-7-5197-4961-3@dRMB 86.00 | |
| 100 | @a20211230d2021 km y0chiy0120 ea | |
| 101 | 0 | @achi |
| 102 | @aCN@b110000 | |
| 200 | 1 | @a婚姻家庭案件疑难问题裁判精要@Ahun yin jia ting an jian yi nan wen ti cai pan jing yao@f安凤德主编@Fan feng de zhu bian |
| 210 | @a北京@c法律出版社@d2021.07 | |
| 215 | @a301页@d24cm | |
| 225 | 2 | @a民商事审判疑难问题裁判精要系列 |
| 410 | 0 | @12001 @a民商事审判疑难问题裁判精要系列 |
| 606 | 0 | @a法律@x中国 |
| 690 | @aD923.95@v4 | |
| 701 | 0 | @a安凤德@Aan feng de@4主编 |
| 801 | 0 | @aCN@bPFT@c20211230 |
| 905 | @a10447@dD923.95@eA495 | |
| 婚姻家庭案件疑难问题裁判精要/安凤德主编.-北京:法律出版社,2021.07 |
| 301页;24cm.-(民商事审判疑难问题裁判精要系列) |
| ISBN 978-7-5197-4961-3:RMB 86.00 |
| ● |
| 相关链接 |
|
|
|
正题名:婚姻家庭案件疑难问题裁判精要
索取号:D923.95/A495
 
预约/预借
| 序号 | 登录号 | 条形码 | 馆藏地/架位号 | 状态 | 备注 |
| 1 | 1507343 | 215073435 | 法学院资料室/ [索取号:D923.95/A495] | 在馆 |